000 00701nam a2200217 a 4500
005 20240924070418.0
008 160817s2015 mx r 000 0 spa d
020 _a9786074019797
035 _aUPN01000212396
049 _aCG
050 4 _aHJ803
_bI4.6
245 0 0 _aImportancia de la política tributaria en la actividad económica /
_ccoord. Carlos Manuel Loeza Manzanero.
260 _aMéxico :
_bUDUAL :
_bM. A. Porrúa,
_c2015.
300 _a125 p.
440 4 _aLas ciencias sociales.
_pEconomía
650 4 _aFinanzas públicas
_zMéxico
_97127
650 2 _aPolítica fiscal
_zMéxico
_91437
700 1 _aLoeza Manzanero, Carlos Manuel,
_ecoord.
905 _aLibro
999 _c184496
_d184496